Čína obmedzí export textilu
Nárast vývozu niektorých druhov odevov a textilného tovaru z Číny do štátov Európskej únie a do USA. Ústretový postoj Číny na kontrolu rýchleho rastu exportu. Dôsledky rastúceho dovozu čínskeho textilu. Čína ako príležitosť a súčasne ako hrozba. Opatrenia na obmedzenie ročného nárastu dovozu.
Salvato in:
| Autore principale: | |
|---|---|
| Natura: | Capitolo di libro |
| Lingua: | slovacco |
| Soggetti: | |
| Tags: |
Nessun Tag, puoi essere il primo ad aggiungerne!!
|
MARC
| LEADER | 00000naa$a2200000$$$4500 | ||
|---|---|---|---|
| 001 | 0029651 | ||
| 005 | 20231009070451.9 | ||
| 041 | 0 | |a slo | |
| 044 | |a SK | ||
| 245 | 1 | 0 | |a Čína obmedzí export textilu |c Igor Dinis |
| 520 | |a Nárast vývozu niektorých druhov odevov a textilného tovaru z Číny do štátov Európskej únie a do USA. Ústretový postoj Číny na kontrolu rýchleho rastu exportu. Dôsledky rastúceho dovozu čínskeho textilu. Čína ako príležitosť a súčasne ako hrozba. Opatrenia na obmedzenie ročného nárastu dovozu. | ||
| 610 | 2 | 0 | |a spolupráca hospodárska medzinárodná |
| 610 | 2 | 0 | |a obchod |
| 610 | 2 | 0 | |a dovoz |
| 610 | 2 | 0 | |a vývoz |
| 610 | 2 | 0 | |a kvóty |
| 610 | 2 | 0 | |a textil |
| 610 | 2 | 0 | |a odevy |
| 610 | 2 | 0 | |a Čína |
| 610 | 2 | 0 | |a Európska únia |
| 610 | 2 | 0 | |a USA |
| 100 | 1 | |a Dinis, Igor | |